PC-Write user's guide : (Record no. 65831)
[ view plain ]
| 000 -LEADER | |
|---|---|
| fixed length control field | 00779nam a2200253 a 4500 |
| 001 - CONTROL NUMBER | |
| control field | 65831 |
| 003 - CONTROL NUMBER IDENTIFIER | |
| rucl marc code | BD-RjUL |
| 005 - DATE AND TIME OF LATEST TRANSACTION | |
| control field | 20211209081452.0 |
| 008 - FIXED-LENGTH DATA ELEMENTS--GENERAL INFORMATION | |
| fixed length control field | 170312s1986 caua b 001 0 eng |
| 035 ## - SYSTEM CONTROL NUMBER | |
| System control number | (BD-RjUL)65961 |
| 040 ## - CATALOGING SOURCE | |
| Original cataloging agency | DLC |
| Transcribing agency | DLC |
| Modifying agency | BD-RjUL |
| Language of cataloging | eng |
| 041 ## - LANGUAGE CODE | |
| Language code of text/sound track or separate title | eng |
| 082 00 - DEWEY DECIMAL CLASSIFICATION NUMBER | |
| Classification number | 005.52 |
| Edition number | 23 |
| Author mark and year | HOP1986 |
| 100 1# - MAIN ENTRY--PERSONAL NAME | |
| Personal name | Houser, Elizabeth |
| 9 (RLIN) | 194675 |
| 245 12 - TITLE STATEMENT | |
| Title | PC-Write user's guide : |
| Remainder of title | version 2.6 / |
| Statement of responsibility, etc. | Elizabeth Houser; Bob Wallace; Quicksoft (Firm) |
| 260 ## - PUBLICATION, DISTRIBUTION, ETC. (IMPRINT) | |
| Place of publication, distribution, etc. | Homewood, Ill. : |
| Name of publisher, distributor, etc. | R.D. Irwin, |
| Date of publication, distribution, etc. | c1986 |
| 300 ## - PHYSICAL DESCRIPTION | |
| Pagination | 336 p. : |
| Illustrations | ill. ; |
| Size | 24 cm. |
| 500 ## - GENERAL NOTE | |
| General note | Includes index. |
| 504 ## - BIBLIOGRAPHY, ETC. NOTE | |
| Bibliography, etc | Bibliography: p. [175]-176. |
| 650 ## - SUBJECT ADDED ENTRY--TOPICAL TERM | |
| Topical term or geographic name as entry element | Word processing |
| 9 (RLIN) | 182181 |
| Topical term or geographic name as entry element | IBM Personal Computer--Programming |
| 9 (RLIN) | 194676 |
| 700 ## - ADDED ENTRY--PERSONAL NAME | |
| Personal name | Wallace, Bob |
| 942 ## - ADDED ENTRY ELEMENTS (KOHA) | |
| Source of classification or shelving scheme | Dewey Decimal Classification |
| Koha item type | Books |
| Lost status | Source of classification or shelving scheme | Damaged status | Not for loan | Collection code | Permanent Location | Current Location | Shelving location | Date acquired | Source of acquisition | Total Checkouts | Full call number | Date last seen | Copy number | Koha item type |
|---|---|---|---|---|---|---|---|---|---|---|---|---|---|---|
| Dewey Decimal Classification | Not For Loan | Non-fiction | Central Library, University of Rajshahi | Central Library, University of Rajshahi | Reading Room | 07/06/1990 | Asia Foundation | 005.52 HOP 1986 | 12/03/2017 | C-1 | Books | |||
| Dewey Decimal Classification | Non-fiction | Central Library, University of Rajshahi | Central Library, University of Rajshahi | 08/01/1990 | Asia foundation | 652.5 HOP 1986 | 13/03/2017 | C-2 | Books |